000
00228nam a2200097Ia 4500
008
240625s9999 xx 000 0 und d
041
_a
eng
100
_a
LINUX FOR YOU
245
_a
LINUX FOR YOU PENSOLARIS 2008 11
260
_c
1909
999
_c
34434
_d
34434